Fr. Conceicao Rodrigues College of Engineering

A better India A better World (Record no. 33532)

MARC details
000 -LEADER
fixed length control field 00305nam a2200145Ia 4500
100 ## - MAIN ENTRY--PERSONAL NAME
Personal name Murthy/Narayana N.R
245 ## - TITLE STATEMENT
Title A better India A better World
260 ## - PUBLICATION, DISTRIBUTION, ETC.
Name of publisher, distributor, etc. Penquin books
Date of publication, distribution, etc. 2009
366 ## - TRADE AVAILABILITY INFORMATION
Publishers's discount category 17.5
300 ## - PHYSICAL DESCRIPTION
Extent 290
546 ## - LANGUAGE NOTE
Language note ENGLISH
654 ## - SUBJECT ADDED ENTRY--FACETED TOPICAL TERMS
Focus term better india
942 ## - ADDED ENTRY ELEMENTS (KOHA)
Koha item type BOOK
Holdings
Withdrawn status Lost status Damaged status Not for loan Collection Home library Current library Date acquired Source of acquisition Cost, normal purchase price Total Checkouts Full call number Barcode Date due Date last seen Date last checked out Cost, replacement price Price effective from Koha item type
        CRC Fr. Agnel's C.Rodrigues College of Engineering Fr. Agnel's C.Rodrigues- College of Engineering 17/03/2023 Educational books and periodicals 411.68 1 19729 24/03/2011 05/06/2023 05/06/2023 499.00   BOOK